French players who played in the Overwatch League - Statistics

General Stats
  • This quiz has been taken 55 times
  • The average score is 8 of 11
Answer Stats
Player 1st team % Correct
BenBest
91%
SoOn
89%
FDGod
87%
Poko
87%
NiCOgdh
85%
aKm
80%
HyP
72%
uNKOE
70%
dridro
54%
Tsuna
52%
zYKK
41%
No matching quizzes found
Score Distribution
Percent of People with Each Score
Percentile by Number Answered
Your Score History
You have not taken this quiz